000 00378nam a22001457a 4500
003 OSt
008 240803b |||||||| |||| 00| 0 eng d
100 _aSingh, C. P.
245 _aMorpho - Molecular Characterization of Elite... Potato
260 _aPusa
_bBiotech & Molecular
_c2015
300 _axi,78p.
650 _aBiotech & Molecular
650 _aThesis
942 _2ddc
_cT
999 _c43246
_d43246